000 01340nam a22002177a 4500
005 20180529144736.0
008 180529s1869 fr |||fr|||| 00| 0 spa d
040 _cSandra Yazo
_dSandra Yazo
041 _alat
082 0 4 _220
_a910.03
092 _aE46N061
100 1 _aCampano, D. L.
_992685
245 1 0 _aDiccionario de Geografía antigua y moderna
_bArreglado á los más recientes datos y más completo que ningún otro diccionario en la parte americana
260 _aParís (Francia)
_bLibrería de Rosa y Bouret ; Imprenta de Simón Raçon y compañía
_c1869
300 _axiv, 858 páginas
_c22 x 14 cm.
500 _aDetalles físicos: Encuadernación rígida en cartón forrado en tela texturizada. Lomo con nervaduras sobre costuras y adornos en dorado. Tapas con recuadros repujados. Guardas en papel que simula papel de agua. Anteportada. Portada impresa en una sola tinta con marca tipográfica de la Editorial Rosa y Bouret, sello de tinta (Francisco Jiménez + Samudio). Texto impreso en dos columnas, separadas por una línea vertical, con diversos tipos y tamaños de letras. Márgenes amplios. Cortes decorados. Ligero deterioro en tapas (raspaduras en la tela)
505 _aA - Z
506 _aConsulta en sala
650 7 _916335
_aGeografía
_xDiccionarios
942 _2LOCAL
_cLIBRO
_e1
_hE46N061
999 _c309984
_d309984